000 01280cpmaa2200289 a 4500
001 mm 79004466
003 DLC
005 20260227111646.0
008 800102|||||||||||| fre
010 _amm 79004466
040 _aDLC
_edacs
_cDLC
_dDLC
072 7 _aC
_2lcmd
100 1 _aTarlé Benoît, Joseph de,
_dactive 18th century.
245 0 0 _aJoseph de Tarlé Benoît memorandum,
_f1780 August 25.
300 _a1
_fitem.
506 0 _aOpen to research.
520 8 _aMemorandum pertaining to supplies for French troops under the command of General Rochambeau.
533 _aNegative photocopy produced with the permission of Walter B. Beals.
_bWashington, D.C. :
_cLibrary of Congress Photoduplication Service,
_d1935.
545 0 _aFrench army officer.
546 _aCollection material in French.
580 _aForms part of: Miscellaneous Manuscripts collection.
600 1 0 _aRochambeau, Jean-Baptiste-Donatien de Vimeur,
_ccomte de,
_d1725-1807.
610 1 0 _aFrance.
_bArmée
_xSupplies and stores.
651 0 _aUnited States
_xHistory
_yRevolution, 1775-1783
_xParticipation, French.
656 7 _aArmy officers, French.
_2itoamc
999 _c41539
_d41539